<?xml version="1.0" encoding="UTF-8"?>
<record
    xmlns:xsi="http://www.w3.org/2001/XMLSchema-instance"
    xsi:schemaLocation="http://www.loc.gov/MARC21/slim http://www.loc.gov/standards/marcxml/schema/MARC21slim.xsd"
    xmlns="http://www.loc.gov/MARC21/slim">

  <leader>01637nam0a2200349   4500</leader>
  <controlfield tag="001">RU\NLR\bibl\737276</controlfield>
  <controlfield tag="005">20260407073609.0</controlfield>
  <datafield tag="010" ind1=" " ind2=" ">
    <subfield code="a">5-85907-253-8</subfield>
    <subfield code="b">&#x432; &#x43E;&#x431;&#x43B;.</subfield>
    <subfield code="9">15000</subfield>
  </datafield>
  <datafield tag="021" ind1=" " ind2=" ">
    <subfield code="a">RU</subfield>
    <subfield code="b">2004-59461</subfield>
    <subfield code="9">2932</subfield>
  </datafield>
  <datafield tag="035" ind1=" " ind2=" ">
    <subfield code="a">RSL-KNO-002480298</subfield>
  </datafield>
  <datafield tag="035" ind1=" " ind2=" ">
    <subfield code="a">(NLR Aleph) 000727192</subfield>
  </datafield>
  <datafield tag="090" ind1=" " ind2=" ">
    <subfield code="a">739795</subfield>
    <subfield code="c">739795</subfield>
  </datafield>
  <datafield tag="100" ind1=" " ind2=" ">
    <subfield code="a">20040928d2003    |||y0rusy50      ca</subfield>
  </datafield>
  <datafield tag="101" ind1="0" ind2=" ">
    <subfield code="a">rus</subfield>
  </datafield>
  <datafield tag="102" ind1=" " ind2=" ">
    <subfield code="a">RU</subfield>
  </datafield>
  <datafield tag="105" ind1=" " ind2=" ">
    <subfield code="a">a   |||||||||</subfield>
  </datafield>
  <datafield tag="106" ind1=" " ind2=" ">
    <subfield code="a">r</subfield>
  </datafield>
  <datafield tag="200" ind1="1" ind2=" ">
    <subfield code="a">&#x410;&#x432;&#x442;&#x43E;&#x43C;&#x43E;&#x431;&#x438;&#x43B;&#x438; &#x441;&#x435;&#x43C;&#x435;&#x439;&#x441;&#x442;&#x432;&#x430; &#x412;&#x410;&#x417;-2106</subfield>
    <subfield code="e">&#x43C;&#x43E;&#x434;&#x435;&#x43B;&#x438; &#x412;&#x410;&#x417;-2106, -21061, -21063, -21065</subfield>
    <subfield code="e">&#x440;&#x443;&#x43A;. &#x43F;&#x43E; &#x442;&#x435;&#x445;&#x43D;. &#x43E;&#x431;&#x441;&#x43B;&#x443;&#x436;&#x438;&#x432;&#x430;&#x43D;&#x438;&#x44E; &#x438; &#x440;&#x435;&#x43C;&#x43E;&#x43D;&#x442;&#x443;: &#x441; &#x440;&#x435;&#x43A;&#x43E;&#x43C;&#x435;&#x43D;&#x434;&#x430;&#x446;&#x438;&#x44F;&#x43C;&#x438; &#x436;&#x443;&#x440;&#x43D;. "&#x417;&#x430; &#x440;&#x443;&#x43B;&#x435;&#x43C;"</subfield>
    <subfield code="f">[&#x41A;. &#x411;. &#x41F;&#x44F;&#x442;&#x43A;&#x43E;&#x432; &#x438; &#x434;&#x440;.]</subfield>
  </datafield>
  <datafield tag="210" ind1=" " ind2=" ">
    <subfield code="a">&#x41C;.</subfield>
    <subfield code="c">&#x417;&#x430; &#x440;&#x443;&#x43B;&#x435;&#x43C;</subfield>
    <subfield code="d">2003</subfield>
    <subfield code="g">&#x420;&#x413;&#x423;&#x41F; &#x427;&#x435;&#x431;&#x43E;&#x43A;&#x441;&#x430;&#x440;. &#x442;&#x438;&#x43F;. N1</subfield>
  </datafield>
  <datafield tag="215" ind1=" " ind2=" ">
    <subfield code="a">219, [1] &#x441;.</subfield>
    <subfield code="c">&#x438;&#x43B;., &#x446;&#x432;. &#x438;&#x43B;.</subfield>
    <subfield code="d">29</subfield>
  </datafield>
  <datafield tag="606" ind1="1" ind2=" ">
    <subfield code="a">"&#x416;&#x438;&#x433;&#x443;&#x43B;&#x438;", &#x43B;&#x435;&#x433;&#x43A;&#x43E;&#x432;&#x44B;&#x435; &#x430;&#x432;&#x442;&#x43E;&#x43C;&#x43E;&#x431;&#x438;&#x43B;&#x438;</subfield>
    <subfield code="j">&#x420;&#x443;&#x43A;&#x43E;&#x432;&#x43E;&#x434;&#x441;&#x442;&#x432;&#x430;, &#x43F;&#x43E;&#x441;&#x43E;&#x431;&#x438;&#x44F; &#x438; &#x442;.&#x43F;.</subfield>
    <subfield code="x">&#x420;&#x435;&#x43C;&#x43E;&#x43D;&#x442;</subfield>
    <subfield code="9">2083200</subfield>
    <subfield code="3">RU\NLR\auth\661259250</subfield>
  </datafield>
  <datafield tag="606" ind1="1" ind2=" ">
    <subfield code="a">"&#x416;&#x438;&#x433;&#x443;&#x43B;&#x438;", &#x43B;&#x435;&#x433;&#x43A;&#x43E;&#x432;&#x44B;&#x435; &#x430;&#x432;&#x442;&#x43E;&#x43C;&#x43E;&#x431;&#x438;&#x43B;&#x438;</subfield>
    <subfield code="j">&#x420;&#x443;&#x43A;&#x43E;&#x432;&#x43E;&#x434;&#x441;&#x442;&#x432;&#x430;, &#x43F;&#x43E;&#x441;&#x43E;&#x431;&#x438;&#x44F; &#x438; &#x442;.&#x43F;.</subfield>
    <subfield code="x">&#x422;&#x435;&#x445;&#x43D;&#x438;&#x447;&#x435;&#x441;&#x43A;&#x43E;&#x435; &#x43E;&#x431;&#x441;&#x43B;&#x443;&#x436;&#x438;&#x432;&#x430;&#x43D;&#x438;&#x435;</subfield>
    <subfield code="9">2121661</subfield>
    <subfield code="3">RU\NLR\auth\661281086</subfield>
  </datafield>
  <datafield tag="686" ind1="1" ind2=" ">
    <subfield code="a">&#x41E;335.52-08&#x44F;7"&#x416;&#x438;&#x433;&#x443;&#x43B;&#x438;"</subfield>
  </datafield>
  <datafield tag="702" ind1=" " ind2="1">
    <subfield code="a">&#x41F;&#x44F;&#x442;&#x43A;&#x43E;&#x432;</subfield>
    <subfield code="b">&#x41A;. &#x411;.</subfield>
    <subfield code="g">&#x41A;&#x43E;&#x43D;&#x441;&#x442;&#x430;&#x43D;&#x442;&#x438;&#x43D; &#x411;&#x43E;&#x440;&#x438;&#x441;&#x43E;&#x432;&#x438;&#x447;</subfield>
    <subfield code="4">220</subfield>
  </datafield>
  <datafield tag="712" ind1="0" ind2="2">
    <subfield code="4">570</subfield>
    <subfield code="a">"&#x417;&#x430; &#x440;&#x443;&#x43B;&#x435;&#x43C;", &#x436;&#x443;&#x440;&#x43D;&#x430;&#x43B;</subfield>
    <subfield code="c">&#x41C;&#x43E;&#x441;&#x43A;&#x432;&#x430;</subfield>
    <subfield code="3">RU\NLR\AUTH\8810037480</subfield>
    <subfield code="9">573678</subfield>
  </datafield>
  <datafield tag="801" ind1=" " ind2="0">
    <subfield code="a">RU</subfield>
    <subfield code="b">RuMoRKP</subfield>
    <subfield code="c">20040928</subfield>
    <subfield code="g">rcr</subfield>
  </datafield>
  <datafield tag="801" ind1=" " ind2="1">
    <subfield code="a">RU</subfield>
    <subfield code="b">RuMoRGB</subfield>
    <subfield code="c">20040928</subfield>
  </datafield>
  <datafield tag="801" ind1=" " ind2="2">
    <subfield code="a">RU</subfield>
    <subfield code="b">NLR</subfield>
    <subfield code="c">20050321</subfield>
    <subfield code="g">PSBO</subfield>
  </datafield>
  <datafield tag="942" ind1=" " ind2=" ">
    <subfield code="c">BOOK</subfield>
  </datafield>
  <datafield tag="980" ind1=" " ind2=" ">
    <subfield code="a">NB</subfield>
  </datafield>
  <datafield tag="995" ind1=" " ind2=" ">
    <subfield code="5">2005-03-21</subfield>
    <subfield code="a">ad</subfield>
    <subfield code="b">NLR01</subfield>
    <subfield code="c">NLR01</subfield>
    <subfield code="e">RF3</subfield>
    <subfield code="f">874249</subfield>
    <subfield code="k">2005-8/640</subfield>
    <subfield code="o">0</subfield>
    <subfield code="r">BOOK</subfield>
    <subfield code="s">20058640_</subfield>
  </datafield>
  <datafield tag="995" ind1=" " ind2=" ">
    <subfield code="5">2005-03-21</subfield>
    <subfield code="a">ad</subfield>
    <subfield code="b">NLR01</subfield>
    <subfield code="c">NLR01</subfield>
    <subfield code="e">RF3</subfield>
    <subfield code="f">874250</subfield>
    <subfield code="k">2005-8/640</subfield>
    <subfield code="o">0</subfield>
    <subfield code="r">BOOK</subfield>
    <subfield code="s">20058640_</subfield>
  </datafield>
</record>
